000 00276nam a22001097a 4500
008 170120b xxu||||| |||| 00| 0 eng d
020 _a9780787971649
041 _aeng
080 _a618.2
245 _aQUANTITATIVE METHODS IN HELTH CARE MANAGEMENT
_cOZCAN, Y.A
942 _2udc
_cBK
999 _c3207
_d3207